| 000 | 00598nam a2200181 a 4500 | ||
|---|---|---|---|
| 001 | 4249 | ||
| 003 | CDMR | ||
| 005 | 20151016130001.0 | ||
| 008 | 130130s2005||||||||||||||||||||||||||||d | ||
| 040 |
_aCDMR _bcat _cCPC GIRONA |
||
| 100 | 1 |
_94184 _aPrats, Modest |
|
| 245 | 0 |
_aLa paraula i les paraules _b: darrera lliçó de Modest Prats Domingo com a professor de filologia catalana de la Universitat de Girona [...] _cConsell Social |
|
| 260 |
_c2005 _bUniversitat de Girona _aGirona |
||
| 300 | _a26 p. | ||
| 490 | 0 |
_aTextos escollits _v4 |
|
| 710 | 2 |
_93937 _aUniversitat de Girona |
|
| 942 |
_cFULLET _2udc |
||
| 999 |
_c4249 _d4249 |
||